Những vấn đề cơ bản về công tác thiết bị dạy học lắp đặt, sử dụng, bảo quản, bảo dưỡng các thiết bị dùng chung Q.1
v..v
Đã lưu trong:
| Tác giả chính: | |
|---|---|
| Định dạng: | Sách |
| Năm xuất bản: |
H.
Giáo dục
2009
|
| Chủ đề: | |
| Tags: |
Thêm thẻ
Không có thẻ, Hãy là người đầu tiên gắn thẻ bản ghi này!
|
| LEADER | 00740nam a2200169 4500 | ||
|---|---|---|---|
| 082 | |a 371.33 |b NH556v | ||
| 100 | |a Nguyễn Sỹ Đức | ||
| 245 | |a Những vấn đề cơ bản về công tác thiết bị dạy học lắp đặt, sử dụng, bảo quản, bảo dưỡng các thiết bị dùng chung |c Nguyễn Sỹ Đức, Nguyễn Cao Đằng, Đặng Thành Hưng,.. |n Q.1 | ||
| 260 | |a H. |b Giáo dục |c 2009 | ||
| 300 | |a 220 tr |c 24 cm | ||
| 520 | |a v..v | ||
| 653 | |a Giáo dục | ||
| 653 | |a Trường học | ||
| 653 | |a Thiết bị dạy học | ||
| 942 | |2 ddc |c SH | ||
| 999 | |c 7451 |d 7451 | ||
| 952 | |0 0 |1 0 |2 ddc |4 0 |6 371_330000000000000_NH556V |7 0 |8 300 |9 67785 |a qbu |b qbu |c D2 |d 2015-02-10 |g 72000 |o 371.33 NH556v |p 7156.c1 |r 0000-00-00 |w 2015-02-10 |y SH | ||